[Event "Wch U12 Girls"]
[Site "Montesilvano"]
[Date "2024.11.26"]
[Round "11"]
[White "Chovanec, Alice"]
[Black "Zavivaeva, Angelina"]
[Result "1-0"]
[WhiteElo "1694"]
[BlackElo "1499"]
[PlyCount "51"]
[EventDate "2024.11.15"]
[EventType "swiss"]
[EventRounds "11"]
[EventCountry "ITA"]
[SourceTitle "CB48_2024"]
[SourceDate "2024.11.28"]
[SourceVersion "1"]
[SourceVersionDate "2024.11.28"]
[SourceQuality "1"]

1. d4 d5 2. c4 c6 3. Nc3 Nf6 4. e3 e6 5. Nf3 Bd6 6. Bd3 dxc4 7. Bxc4 b5 8. Bd3 Nbd7 9. 0-0 Bb7 10. e4 e5 11. dxe5 Nxe5 12. Nxe5 Bxe5 13. f4 Bd4+ 14. Kh1 Qd7 15. e5 Nd5 16. Ne4 0-0 17. Ng5 h6 18. Bh7+ Kh8 19. Qxd4 hxg5 20. Bc2 gxf4 21. Rxf4 Rfd8 22. Rh4+ Kg8 23. Bg5 f6 24. exf6 Kf7 25. fxg7 Ne7 26. Qf6+ 1-0

[Event "Wch U12 Girls"]
[Site "Montesilvano"]
[Date "2024.11.25"]
[Round "10"]
[White "Chovanec, Alice"]
[Black "Potikha, Shelley"]
[Result "1-0"]
[WhiteElo "1694"]
[BlackElo "1561"]
[PlyCount "59"]
[EventDate "2024.11.15"]
[EventType "swiss"]
[EventRounds "11"]
[EventCountry "ITA"]
[SourceTitle "CB48_2024"]
[SourceDate "2024.11.28"]
[SourceVersion "1"]
[SourceVersionDate "2024.11.28"]
[SourceQuality "1"]

1. d4 e6 2. c4 Nf6 3. Nc3 Bb4 4. f3 b5 5. Bg5 h6 6. Bxf6 Qxf6 7. e4 bxc4 8. Bxc4 c5 9. Nge2 Ba6 10. Bxa6 Nxa6 11. a3 Bxc3+ 12. bxc3 cxd4 13. cxd4 0-0 14. 0-0 d5 15. Qa4 Nb8 16. e5 Qe7 17. Rfc1 Qd7 18. Qc2 Na6 19. Qc6 Qc8 20. Qd6 Qd8 21. Qxa6 Qg5 22. f4 Qg4 23. h3 Qf5 24. Rab1 Qe4 25. Rb2 Rab8 26. Rcc2 Rb6 27. Qxa7 Rxb2 28. Rxb2 Qd3 29. Qa4 Rc8 30. Qb3 1-0

[Event "Wch U12 Girls"]
[Site "Montesilvano"]
[Date "2024.11.20"]
[Round "6"]
[White "Siskou, Evangelia"]
[Black "Chovanec, Alice"]
[Result "1/2-1/2"]
[WhiteElo "1884"]
[BlackElo "1694"]
[PlyCount "176"]
[EventDate "2024.11.15"]
[EventType "swiss"]
[EventRounds "11"]
[EventCountry "ITA"]
[SourceTitle "CB48_2024"]
[SourceDate "2024.11.28"]
[SourceVersion "1"]
[SourceVersionDate "2024.11.28"]
[SourceQuality "1"]

1. c4 e5 2. g3 c6 3. d4 e4 4. d5 Nf6 5. Nc3 Bc5 6. Bg2 Qe7 7. e3 d6 8. h3 Bf5 9. Nge2 Nbd7 10. g4 Bg6 11. Ng3 h6 12. 0-0 0-0 13. b3 Nb6 14. a3 a5 15. Rb1 Nbd7 16. b4 axb4 17. axb4 Ba7 18. dxc6 bxc6 19. b5 cxb5 20. Ba3 Bc5 21. Bxc5 Nxc5 22. Rxb5 Qe6 23. Qd4 Rfe8 24. Rb6 Rad8 25. Nb5 Rd7 26. Rd1 Nb7 27. Rc6 Red8 28. Ne2 Na5 29. Ra6 Qxc4 30. Rxa5 Qxe2 31. Nc3 Qc2 32. Bf1 Qb3 33. Bc4 Qb8 34. Rb1 Rb7 35. Rxb7 Qxb7 36. Ra7 Qb2 37. Ra2 Qb8 38. Ra6 Qb2 39. Rb6 Qa1+ 40. Kg2 d5 41. Ba2 Rc8 42. Nxd5 Qxd4 43. Ne7+ Kf8 44. Nxg6+ fxg6 45. exd4 Rd8 46. Rb4 Nd5 47. Rb7 Nf4+ 48. Kh2 Nd5 49. Kg3 Nc3 50. Bc4 Rxd4 51. Bb3 Nd5 52. Bxd5 Rxd5 53. Rb4 Rd3+ 54. Kg2 e3 55. f4 e2 56. Re4 Rd2 57. Kg3 Rd3+ 58. Kg2 Rd4 59. Rxe2 Rxf4 60. Kg3 Rf6 61. Ra2 Rb6 62. Ra7 g5 63. Ra3 Kf7 64. Rc3 Kf6 65. Re3 Re6 66. Rf3+ Ke7 67. Rd3 Rf6 68. Ra3 Rd6 69. Re3+ Kd7 70. Rc3 Re6 71. Ra3 Ke7 72. Rd3 Re4 73. Ra3 Kf6 74. Ra6+ Re6 75. Ra3 Kg6 76. Rb3 Re7 77. Rb6+ Kf7 78. Rb3 Ke6 79. Rb5 Kd6 80. Rb6+ Kc5 81. Rg6 Kd5 82. h4 gxh4+ 83. Kxh4 Ke4 84. Ra6 Kf3 85. Ra3+ Ke4 86. g5 Kf5 87. Ra5+ Kg6 88. Ra6+ Kf5 1/2-1/2

[Event "Wch U12 Girls"]
[Site "Montesilvano"]
[Date "2024.11.17"]
[Round "3"]
[White "Chovanec, Alice"]
[Black "Pavithra, RV."]
[Result "1-0"]
[WhiteElo "1694"]
[BlackElo "1854"]
[PlyCount "81"]
[EventDate "2024.11.15"]
[EventType "swiss"]
[EventRounds "11"]
[EventCountry "ITA"]
[SourceTitle "CB48_2024"]
[SourceDate "2024.11.28"]
[SourceVersion "1"]
[SourceVersionDate "2024.11.28"]
[SourceQuality "1"]

1. d4 d5 2. c4 e6 3. Nc3 Nf6 4. cxd5 exd5 5. Bg5 Be7 6. e3 h6 7. Bf4 c6 8. Bd3 Nbd7 9. Qc2 0-0 10. h3 Re8 11. Nf3 Nf8 12. 0-0-0 Be6 13. Kb1 Bd6 14. Ne5 a5 15. g4 Bxe5 16. Bxe5 N6d7 17. Bh2 b5 18. f4 f6 19. Rhg1 Bf7 20. Rde1 Nb6 21. h4 Nc4 22. Nd1 b4 23. g5 fxg5 24. hxg5 hxg5 25. Rxg5 Ne6 26. Rgg1 Nc7 27. Bg3 a4 28. Qh2 Qf6 29. Bh4 Qd6 30. Qg2 Qh6 31. Bg5 Qd6 32. Be7 Qh6 33. Rh1 Bh5 34. Bg5 Qh8 35. Bf6 Kf7 36. Rxh5 Qxh5 37. Qxg7+ Ke6 38. Bg6 Qh2 39. e4 Qd2 40. Bf5+ Kd6 41. Qd7# 1-0

[Event "Wch U12 Girls"]
[Site "Montesilvano"]
[Date "2024.11.16"]
[Round "2"]
[White "Kovalskyy, Alicia"]
[Black "Chovanec, Alice"]
[Result "0-1"]
[WhiteElo "1871"]
[BlackElo "1694"]
[PlyCount "64"]
[EventDate "2024.11.15"]
[EventType "swiss"]
[EventRounds "11"]
[EventCountry "ITA"]
[SourceTitle "CB48_2024"]
[SourceDate "2024.11.28"]
[SourceVersion "1"]
[SourceVersionDate "2024.11.28"]
[SourceQuality "1"]

1. e4 c5 2. Nf3 e6 3. d4 cxd4 4. Nxd4 a6 5. Nc3 Qc7 6. a3 Nf6 7. Be3 b5 8. Be2 Bb7 9. f3 Be7 10. 0-0 0-0 11. Bd3 d6 12. Qe1 Nbd7 13. Qg3 Kh8 14. Nce2 Rac8 15. Nf4 Nc5 16. Nh3 g6 17. Bh6 Nh5 18. Qf2 Rfe8 19. g4 Nf6 20. Ng5 Bf8 21. Bxf8 Rxf8 22. Rac1 e5 23. Ne2 Kg7 24. Ng3 h6 25. Nh3 d5 26. Qe3 dxe4 27. Nxe4 Bxe4 28. Bxe4 Ncxe4 29. fxe4 Nxg4 30. Qg3 Nf6 31. Qh4 Qb6+ 32. Rf2 Rc4 0-1

[Event "US op 124th"]
[Site "Norfolk"]
[Date "2024.07.30"]
[Round "4"]
[White "Chovanec, Alice"]
[Black "Kamesh, Vidyuth"]
[Result "1-0"]
[WhiteElo "1793"]
[BlackElo "1991"]
[PlyCount "83"]
[EventDate "2024.07.27"]
[EventType "swiss"]
[EventRounds "9"]
[EventCountry "USA"]
[SourceTitle "EXT 2025"]
[Source "ChessBase"]
[SourceDate "2024.10.14"]
[SourceVersion "1"]
[SourceVersionDate "2024.10.14"]
[SourceQuality "1"]

1. d4 Nf6 2. c4 e6 3. Nc3 Bb4 4. f3 d5 5. a3 Be7 6. e4 dxe4 7. fxe4 c5 8. d5 exd5 9. exd5 0-0 10. Nf3 Re8 11. Be2 Bd6 12. 0-0 Bg4 13. Bg5 Nbd7 14. Qc2 a6 15. Rae1 Qc7 16. h3 Bh5 17. Bh4 Bg3 18. Rd1 Qd6 19. Bxg3 Qxg3 20. Bd3 Ne5 21. Ne2 Nxf3+ 22. Rxf3 Qe5 23. g4 Bg6 24. Ng3 Rad8 25. Nf5 Bxf5 26. Bxf5 g6 27. Bd3 Nd7 28. Kg2 Qg5 29. Qd2 Qxd2+ 30. Rxd2 Ne5 31. Rff2 Nxd3 32. Rxd3 Re4 33. b3 Kg7 34. Rdf3 Rd7 35. Rd3 Re1 36. a4 Re5 37. Kf3 f5 38. Re3 Kf6 39. g5+ Kxg5 40. Rxe5 Kf6 41. Re6+ Kf7 42. Rfe2 1-0

[Event "Wch U10 Girls"]
[Site "Batumi"]
[Date "2022.09.17"]
[Round "2"]
[White "Chovanec, Alice"]
[Black "Zavivaeva, Kristina"]
[Result "0-1"]
[WhiteElo "1414"]
[BlackElo "1222"]
[PlyCount "90"]
[EventDate "2022.09.16"]
[EventType "swiss"]
[EventRounds "11"]
[EventCountry "GEO"]
[SourceTitle "EXT 2023"]
[Source "ChessBase"]
[SourceDate "2022.10.05"]
[SourceVersion "1"]
[SourceVersionDate "2022.10.05"]
[SourceQuality "1"]

1. d4 Nf6 2. c4 c5 3. d5 b5 4. cxb5 a6 5. e3 g6 6. Nc3 Bg7 7. Nf3 Bb7 8. a4 0-0 9. e4 d6 10. Bd2 axb5 11. Bxb5 Nbd7 12. 0-0 Qc7 13. Re1 Rfb8 14. Qc1 Ng4 15. h3 Nge5 16. Nxe5 Nxe5 17. f4 Nd7 18. Qc2 Nf6 19. Qd3 Qb6 20. Kh1 Nh5 21. Ra2 Bh6 22. Qf3 Bg7 23. Rea1 Qc7 24. Qd3 Qc8 25. Kh2 Ba6 26. Bxa6 Rxa6 27. Nb5 Raa8 28. Qc4 Qd7 29. g4 Nf6 30. Bc3 Rb6 31. Rd1 Nxe4 32. Qxe4 Rxb5 33. Qc4 Rb7 34. Bxg7 Kxg7 35. Qc3+ Kg8 36. b3 Rb4 37. Rf2 Rab8 38. f5 Rxb3 39. Qa1 R8b4 40. fxg6 hxg6 41. Rdf1 Qxa4 42. Qe1 Qa3 43. Rxf7 Rxh3+ 44. Kg1 Rxg4+ 45. Kf2 Rh2# 0-1